[Event "Madrid San Viator op 24th"]
[Site "Madrid"]
[Date "2015.03.22"]
[Round "1"]
[White "Cortijo Manso, Luis"]
[Black "Villaverde Casaluenga, Jose"]
[Result "1-0"]
[WhiteElo "1523"]
[BlackElo "1663"]
[PlyCount "139"]
[EventDate "2015.03.22"]
[EventType "swiss"]
[EventRounds "9"]
[EventCountry "ESP"]
[SourceTitle "EXT 2016"]
[Source "ChessBase"]
[SourceDate "2015.10.08"]
[SourceVersion "1"]
[SourceVersionDate "2015.10.08"]
[SourceQuality "1"]

1. Nf3 Nf6 2. c4 g6 3. g3 Bg7 4. Bg2 0-0 5. 0-0 d6 6. d4 c6 7. Nc3 Na6 8. e4 Qc7 9. Bf4 Nh5 10. Be3 Bg4 11. Qd2 Bxf3 12. Bxf3 Nf6 13. Bh6 e5 14. Bxg7 Kxg7 15. Ne2 exd4 16. Nxd4 Nc5 17. Rfe1 Rfe8 18. Qc2 Re7 19. Nb3 Nxb3 20. Qxb3 Kg8 21. Qc3 Re6 22. a3 Rae8 23. Qc2 d5 24. cxd5 Nxd5 25. Re2 Nf6 26. Rae1 Nd7 27. Bg4 R6e7 28. Bf3 Nc5 29. Bg2 Rd8 30. Rd1 Rxd1+ 31. Qxd1 Rd7 32. Rd2 Rxd2 33. Qxd2 Qb6 34. Qc3 f6 35. b4 Qc7 36. f4 Nd7 37. Bh3 Qd6 38. Bxd7 Qxd7 39. Qxf6 Qd1+ 40. Kg2 Qe2+ 41. Kh3 Qxe4 42. Qd8+ Kf7 43. Qc7+ Qe7 44. Qxe7+ Kxe7 45. g4 b6 46. Kg3 c5 47. bxc5 bxc5 48. Kf3 h5 49. h3 Ke6 50. Ke4 a6 51. a4 a5 52. f5+ gxf5+ 53. gxf5+ Kd6 54. h4 Ke7 55. Kd5 Kf6 56. Kxc5 Kxf5 57. Kb5 Kg4 58. Kxa5 Kxh4 59. Kb6 Kg3 60. a5 h4 61. a6 h3 62. a7 Kf2 63. a8Q Kg1 64. Qa1+ Kg2 65. Qb2+ Kh1 66. Qc1+ Kg2 67. Qc2+ Kg1 68. Qd1+ Kg2 69. Qg4+ Kh2 70. Kc5 1-0